Letopis' bytija i byta : Marina Cvetajeva v Čechii : 1922-1925 /

Hlavní autor: Vaněčková, Galina, 1930-
Jazyk: Ruština
Vydáno: Praga : Moskva : Nacional‘naja biblioteka Češskoj respubliki - Slavjanskaja biblioteka ;Dom-muzej Mariny Cvetajevoj, 2006
Vydání: Izd. 1-oje
Edice: Publikace Slovanské knihovny
Témata:
Externí odkaz: Digitalizovaný dokument
Fyzický popis: 320 s., [12] l. obr. příl. : il., portréty, faksim. ; 20 cm
Knihy
Uloženo v:
LEADER 02511nam a2200637 a 4500
001 nkc20061699229
003 CZ PrNK
005 20250627091038.0
007 ta
008 061124s2006 xr acfhe 001 0aruso
015 |a cnb001699229 
020 |a 80-7050-501-X  |q (Národní knihovna ČR ;  |q brož.) 
035 |a (OCoLC)124090659 
040 |a ABA001  |b cze  |d BOA001 
043 |a e-xr--- 
044 |a xr  |a ru 
045 |a x2x2 
072 7 |a 821.161.1.09  |x Ruská literatura, rusky psaná (o ní)  |2 Konspekt  |9 11 
072 7 |a 929  |x Biografie  |2 Konspekt  |9 8 
080 |a 929  |2 MRF 
080 |a 821.161.1-1-055.2  |2 MRF 
080 |a 910.4  |2 MRF 
080 |a 316.72/.75  |2 MRF 
080 |a (437.3)  |2 MRF 
080 |a (093.3)  |2 MRF 
080 |a (0.072)  |2 MRF 
100 1 |a Vaněčková, Galina,  |d 1930-  |7 xx0053500  |4 aut 
245 1 0 |a Letopis' bytija i byta :  |b Marina Cvetajeva v Čechii : 1922-1925 /  |c Galina Vanečkova 
246 3 0 |a Marina Cvetajeva v Čechii 
250 |a Izd. 1-oje 
260 |a Praga :  |b Nacional‘naja biblioteka Češskoj respubliki - Slavjanskaja biblioteka ;  |a Moskva :  |b Dom-muzej Mariny Cvetajevoj,  |c 2006 
300 |a 320 s., [12] l. obr. příl. :  |b il., portréty, faksim. ;  |c 20 cm 
490 1 |a Publikace Slovanské knihovny ;  |v 43 
504 |a Obsahuje bibliografie a rejstřík 
600 1 7 |a Cvetajeva, Marina Ivanovna,  |d 1892-1941  |7 jn19992000142  |2 czenas 
648 4 |a 1922-1925 
648 7 |a 20. století  |7 ch460558  |2 czenas 
650 0 7 |a ruské básnířky  |7 ph191052  |y 20. století  |2 czenas 
650 0 7 |a cesty a pobyt  |7 ph137578  |z Česko  |2 czenas 
650 0 7 |a kultura a společnost  |7 ph122010  |z Česko  |y 1922-1925  |2 czenas 
650 0 9 |a Russian women poets  |y 20th century  |2 eczenas 
650 0 9 |a travels and stays  |z Czechia  |2 eczenas 
650 0 9 |a culture and society  |z Czechia  |y 1922-1925  |2 eczenas 
655 7 |a deníky  |7 fd132006  |2 czenas 
655 7 |a komentovaná vydání  |7 fd132577  |2 czenas 
655 9 |a diaries  |2 eczenas 
655 9 |a annotated editions  |2 eczenas 
830 0 |a Publikace Slovanské knihovny  |0 s 
856 4 1 |u http://www.digitalniknihovna.cz/mzk/uuid/uuid:e8f6b180-c6e3-11ec-a65e-5ef3fc9bb22f  |y Digitalizovaný dokument  |x NDK 
910 |a BOA001  |b 2-1183.217 
928 9 |a Dom Mariny Cvetajevoj 
928 9 |a Národní knihovna České republiky - Slovanská knihovna 
990 |a BK 
995 |a 01 
991 |b 200704  |c NOV 
996 6 |b 2610304718  |c 2-1183.217  |l MZK  |r Sklad / do 1 hodiny  |n 0  |p p.v.  |w 000844313  |u 000010  |a 1  |e BOA001  |j MZK50  |s P